01186nam a2200241 a 450000100100000000500170001000800410002702000180006804000250008608200160011110000310012724501860015826000500034430000270039450000720042150400300049359000260052370000330054995201150058295201150069795201150081299900170092700004844420201002061146.0190320s2017 dr a r 000 0 spa d a9789945088090 aDO-SdBNPbspacBNPHU axxxxbC343r1 aCassá, Constancio96443310aReconocimiento de las zonas aledañas a El Limoncito, y un tratado sobre la evolución territorial y fundación del pueblo de Constanza /cConstancio Cassa, Bernaldo de Quirós. aSanto Domingo :bOfigrafis del Caribe,c2017. a74 p. :bil. ;c23 cm. aIncluye referencias bibligráficas y notas al pie de las páginas aBibliografía : p. 73-74 aInventariado, 2019/BT1 aQuirós, Bernaldo de914453 00107-18PDaGRbGRcOId2019-03-20iLF1l0oxxxx C343rp48444-30r2020-06-25w2020-06-25yLFPDZNo se presta 00107-18PDaPDbPDcOId2019-03-20iLF1l0oxxxx C343rp48444-10r2020-06-25w2020-06-25yLFPDZNo se presta 00107-18PDaPDbPDcOId2019-03-20iLF1l0oxxxx C343rp48444-20r2020-06-25w2020-06-25yLFPDZNo se presta c47932d47932